00964nam a2200241Ia 450000100060000000300090000600800410001504000130005604000130006904100130008210000170009510000290011224500530014124500530019425000110024726000130025826000180027126000490028930000570033850002540039565000420064965000310069179651IT-RoPAU130308s9999 xx 000 0 und d aIT-RoPAU cIT-RoPAU aFRANCESE aWindisch Uli gCodice Aut. SPICS: 12999 aK.-O. verbal (Le)-La communication conflictuelle bK.-O. Verbal (Le)-La Communication Conflictuelle a1a ed. aLAUSANNE bL'Age D'Homme c1987 [1° Ed.:1987 - Ed.Ling.Originale:1987] a"152 p. (prefazione: no ; testo: 152 [pagine: 0-0])" aComunicazione Conflittuale forme del Discorso Conflittuale Linguaggio Procedimenti Argomentativi conflitti Discorsivi e tipologie dei Discorsi Conflittuali Discorso Affettivo Conflittuale Discorso Ironico Conflittuale Discorso Didattico Conflittuale aPEDAGOGIA DELLA COMUNICAZIONE SOCIALE eCodice materia Spics: 3804